000 00673nam a2200181 u 4500
001 000823522
003 AM-YeHGA
005 20250617144612.0
008 110718s1973 ||| r 000 0 rus d
040 _aAM-YeHGA
041 0 _arus
245 0 0 _aЭлектронномикроскопическая фрактография :
_b(Альбом) /
_cМеталлургический завод "Красный Октябрь); Под ред. Л.М. Утевского.
260 _aМосква :
_bМеталлургия,
_c1973.
300 _a45 с. :
_bил.
653 0 _aМеталлургия
700 1 _aУтевский, Л.М.
_eред.
_4edt
090 _c298966
999 _c297273
_d297273